Health at its best / (Record no. 6707)

MARC details
000 -LEADER
fixed length control field 00731cam a22002412 4500
001 - CONTROL NUMBER
control field 0000004892
005 - DATE AND TIME OF LATEST TRANSACTION
control field 20151217151944.0
008 - FIXED-LENGTH DATA ELEMENTS--GENERAL INFORMATION
fixed length control field 070531s xx 000 0 eng d
020 ## - INTERNATIONAL STANDARD BOOK NUMBER
Terms of availability KES 1,200
040 ## - CATALOGING SOURCE
Original cataloging agency KABU
Transcribing agency KABU
050 #0 - LIBRARY OF CONGRESS CALL NUMBER
Classification number RA773
Item number .H43
245 10 - TITLE STATEMENT
Title Health at its best /
Statement of responsibility, etc. Editors: M. H. Schaffner, Dorothy V. Schaffner.
260 ## - PUBLICATION, DISTRIBUTION, ETC. (IMPRINT)
Name of publisher, distributor, etc. Africa Herald Publishing,
Date of publication, distribution, etc. n.d.
300 ## - PHYSICAL DESCRIPTION
Extent 127 p. ;
Dimensions 25 cm.
650 #0 - SUBJECT ADDED ENTRY--TOPICAL TERM
Topical term or geographic name as entry element Health.
-- 0000036860
650 #0 - SUBJECT ADDED ENTRY--TOPICAL TERM
Topical term or geographic name as entry element Hygiene.
-- 0000155812
700 1# - ADDED ENTRY--PERSONAL NAME
Personal name Schaffner, M. H.
-- 0000155813
700 1# - ADDED ENTRY--PERSONAL NAME
Personal name Schaffner, Dorothy V.
-- 0000155814
908 ## - PUT COMMAND PARAMETER (RLIN)
Put command parameter 070531
950 ## - LOCAL HOLDINGS (RLIN)
-- 1
Holdings
Withdrawn status Lost status Source of classification or shelving scheme Not for loan Home library Current library Date acquired Total Checkouts Full call number Barcode Date last seen Price effective from Koha item type
    Library of Congress Classification   Kabarak, Main Campus Kabarak, Main Campus 17/12/2015   RA773 .H43 006618 17/12/2015 17/12/2015 General Collection
    Library of Congress Classification   Kabarak, Main Campus Kabarak, Main Campus 17/12/2015   RA773 .H43 006619 17/12/2015 17/12/2015 General Collection
Designed with assistance from East African Informatics Ltd